00534nam a2200145 a 4500008004100000050002200041110002300063245014900086260003700235350000900272650001900281650002900300650001200329710004700341100203s1976 ||||||||||||||||| || u aGOV.ZAM(02)1976/4 aKitwe City Council10aLow cost housing in kitwe: its characteristics and implications on housing policycPrepared by the city engineers department; Kitwe City Council aKitwe:bKitwe City Councilc1976 a0.00 0aHOUSING POLICY aLOW COST HOUSING--ZAMBIA aHOUSING aGovernment of the Republic of Zambia (GRZ)